000 00757nam a22001817a 4500
999 _c192794
_d192794
005 20221010104317.0
010 _aRP B-745770
020 _c299.00
_a9788194967477
035 _aB-745770
037 _bYogiImpression
100 _aChopra, Deepak
245 _aThe Seven Spiritual Laws of Success:
_bDeepak Chopra
_ca practical guide to the fulfillment of your dreams/
260 _aMumbai
_bYogiImpression
_c2022
270 _a1711, Centre 1, World Trade Centre, Cuffe Parade,
_bMumbai
_e400005
300 _a115p.
_c19cm(hbk)
942 _2ddc
_cEN
_mCHO
_h650.1